MLIEKÁRENSKÝ PRIEMYSEL V USA

Bibliographic Details
Main Author: Kozak, J. (Author)
Format: Article
Language:Slovak

MARC

LEADER 00000nab a2200000 a 4500
001 vtls010721119
003 SK-MaSNL
005 20260304192251.0
008 250709s1998 xo |||||||||||||||||slo|
035 |a (urnnbn)urn:nbn:sk:snk:ar-a04rky 
035 |a (uuid)ccb2ab68-a4c9-44ff-a0ad-5f44ab503df8 
035 |a urn:nbn:sk:snk-ab3m1a 
040 |a SNKBUCL  |b slo  |c SNKBUCL  |e AACR2 
041 0 |a slo 
044 |a xo  |c SK 
100 1 |a Kozak, J.  |4 aut  |9 298187 
245 1 0 |a MLIEKÁRENSKÝ PRIEMYSEL V USA  |c J. Kozak 
773 0 |t Mliekarstvo : bulletin pre internú potrebu výrobcov a spracovateľov mlieka  |g Roč. 29, č. 1 (1998), s. 25 
850 |a Slovenská národná knižnica 
852 |a Slovenská národná knižnica 
954 |a odborná, vedecká literatúra cudzojazyčná (svetová)  |2 lita 
958 |a article1 
958 |a OND 
958 |a EUIPO 
999 |c 3060413  |d 3062343